000 00232nam a2200097Ia 4500
001 918599
005 20250826185935.0
008 250824s9999 xx 000 0 und d
245 0 _aBOSTAN
_cSADİ ŞİRAZİ
260 _bANONİM YAYINLARI
999 _c918599
_d918599